|
|
|
|
| LEADER |
01226nam a2200313 a 4500 |
| 001 |
3507 |
| 003 |
BD-DhAAL |
| 008 |
800617s1981 stka b 001 0 eng |
| 999 |
|
|
|c 357
|d 357
|
| 010 |
|
|
|a 80040453
|
| 020 |
|
|
|a 0443017174 (pbk.) :
|c £7.00
|
| 040 |
|
|
|a DLC
|c DLC
|d DLC
|d BD-DhAAL
|
| 082 |
0 |
0 |
|a 618.92
|
| 100 |
2 |
|
|a Curtis Jenkins, Graham.
|9 41744
|
| 245 |
1 |
4 |
|a The first year of life /
|c Graham Curtis Jenkins, Richard C. F. Newton.
|
| 260 |
|
|
|a Edinburgh ;
|a New York :
|b Churchill Livingstone,
|c 1981.
|
| 300 |
|
|
|a 278 pages :
|b illustrations ;
|c 22 cm.
|
| 490 |
0 |
|
|a Library of general practice ;
|v v. 2
|
| 504 |
|
|
|a Includes bibliographical references and index.
|
| 541 |
1 |
|
|e 3507
|
| 650 |
|
0 |
|a Infants
|x Diseases.
|9 41745
|
| 650 |
|
0 |
|a Infants
|x Care.
|9 41746
|
| 650 |
|
2 |
|a Infant.
|9 41747
|
| 650 |
|
2 |
|a Infant care.
|9 41748
|
| 700 |
1 |
|
|a Newton, Richard C. F.,
|e joint author.
|9 41749
|
| 830 |
|
|
|a Library of general practice
|9 41750
|
| 852 |
|
|
|a Ayesha Abed Library
|c General Satcks
|
| 942 |
|
|
|2 ddc
|c BK
|
| 952 |
|
|
|0 0
|1 0
|2 ddc
|4 0
|6 618_920000000000000_CUR_1981
|7 0
|9 323
|a BRACUL
|b BRACUL
|c GEN
|d 2009-05-04
|g 0.00
|l 2
|o 618.92 CUR
|p 3010003507
|r 2014-11-13
|s 2014-11-11
|t 1
|w 2009-05-04
|y BK
|x No price found in the accession register.
|